Profile: Jack Sparrow Quiz Stats

Quiz Updated Oct 19, 2016

Challenge
Share
Tweet
Embed
Score 0/40 Timer 06:00
0 Plays Today
Jack Sparrow Facts % Correct
Pirate
97.6%
Captain
96.5%
Johnny Depp
96.4%
Gold
88.3%
Walt Disney
82.8%
Orlando Bloom
75.5%
Will Turner
75.4%
The Black Pearl
70.8%
Heart
70%
Aztec
66.5%
Braids
64.6%
Bootstrap Bill
64.6%
Elizabeth Swann
64.5%
Keira Knightley
64.3%
Davy Jones
61.8%
Compass
51.2%
Dirt
50.8%
Kraken
50.3%
Captain Barbossa
48.6%
East India Trading Co.
46.8%
Jack Sparrow Facts % Correct
Keith Richards
44.9%
Pirate King
43.5%
The Fountain of Youth
43.2%
Voodoo
42.7%
Flying Dutchman
40.1%
Calypso
39.8%
Tortuga
39.2%
Capt. James Norrington
33%
Port Royal
28.6%
Tricorn
25%
Bill Nighy
23%
Pieces of Eight
21.7%
Isla de Muerta
19.1%
Parley
16.1%
Lord Beckett
13.6%
Shipwreck Cove
10.9%
Captain Teague
10.3%
Sao Feng
8.3%
Brethren Court
6.1%
HMS Endeavour
3.6%

You're not logged in!

Compare scores with friends on all Sporcle quizzes.
Sign Up with Email
OR
Log In

You Might Also Like...

Show Comments

Extras

Top Quizzes Today


Score Distribution

Your Account Isn't Verified!

In order to create a playlist on Sporcle, you need to verify the email address you used during registration. Go to your Sporcle Settings to finish the process.